Personnages de The witcher - Statistiques

Statistiques générales
  • Ce quiz a été pris 67 fois
  • Le résultat moyen est 6 sur 22
Statistiques - réponses
Hint Réponse % Correct
Le grand-père des sorceleurs Vesemir
82%
Cheveux blancs avec une conjonctivite Geralt de Riv
76%
Sorceleur école du loup susceptible Lambert
61%
Sorceleur école du loup balafré Eskel
55%
Lila et groseille à maquereaux Yennefer de Vengerberg
39%
Roi de Témérie Foltest
33%
Roi de Rédanie Radovid
33%
Mutants chasseurs de monstres Sorceleurs
29%
Mère de Cirilla Pavetta
25%
Monstre antique ressemblant à un arbre Leshen
24%
Groupe de bandits qui a côtoyé Cirilla Les rats
24%
Amie de Geralt, archère de Brokilone Milva
18%
Nain ami de Geralt Zoltan Chivay
18%
Sorcière à l'origine de la loge Philippa Eilhart
14%
Chef espion de Rédanie Sigismund Dijkstra
14%
Petits ogroides en groupe Nekkers
12%
Fille adoptive de Geralt Cirilla Fiona Elen Riannon
10%
Allié vampire Emiel Regis Rohellec Terzieff Godefroy
10%
Ennemi puis ensuite allié de Geralt, amoureux de Cirilla Cahir Mawr Dyffryn Aep Ceallach
6%
Chef de la chasse sauvage Eredin Breaac Glas
4%
Barde ami de Geralt Julian Alfred Pankratz de Lettenhove
4%
Sorcière de Foltest Triss Merigold de Maribor
4%
Aucun quiz correspondant
Distribution des résultats
% des personnes avec chaque résultat
Percentile par nombre de réponses
Votre historique - résultats
Vous n’avez pas pris ce quiz